000 00608nam a2200241Ia 4500
003 OSt
005 20221005085353.0
006 a|||||r|||| 00| 0
007 ta
008 221004b |||||||| |||| 00| 0 eng d
024 _a77301
037 _cTextual
040 _aCRL
_cCRL
_beng
041 _2eng
_aeng
082 _aV5.N45, H6
100 _aFischer Louis
_995684
245 0 _aGreat challenge
260 _aNew York
_bDuell Sloan and Pearce USA
_c1946
300 _a346p.
_ccm.
650 _aHISTORY
942 _hV5.N45, H6
_cTEXL
_2cc
999 _c994115
_d994115